000 004490000a22001810004500
003 MACL
005 20150707124146.0
008 150707b xxu||||| |||| 00| 0 eng d
040 _aMACL
_cMACL
041 _aEnglish
082 _a307/CHO
100 _aChoudhury, Amalendu Bikash Kar
_91065
245 _aTribal Songs of North-East India
260 _bFirma KLM
_c1984
_aCalcutta
350 _a50
650 _aSociology
_919
942 _cBK
_k307
_2ddc
999 _c5857
_d5857